书目信息 |
| 题名: |
大学英语六级考试与辅导
|
|
| 作者: | 康成翠 , 王著定 , 李丽颖 总主编 ;李丽颖 本册主编 | |
| 分册: | 功力卷 | |
| 出版信息: | 北京 外语教学与研究出版社 2001.10 |
|
| 页数: | 174页 | |
| 开本: | 26cm | |
| 丛书名: | ||
| 单 册: | ||
| 中图分类: | H310.42 , H310.42 | |
| 科图分类: | ||
| 主题词: | 英语--高等学校--水平考试--自学参考资料 , 英语 | |
| 电子资源: | ||
| ISBN: | 7-5600-2326-6 | |
| 000 | 01078nam1 2200349 45 | |
| 001 | 012003000000 | |
| 005 | 20041203102044.15 | |
| 010 | @a7-5600-2326-6@dCNY 11.90 | |
| 100 | @a20031229d2001 em y0chiy0121 ea | |
| 101 | 0 | @achi@aeng |
| 102 | @aCN@b110000 | |
| 105 | @ay z 000yy | |
| 200 | 1 | @a大学英语六级考试与辅导@Ada xue ying yu liu ji kao shi yu fu dao@i功力卷@e阅读理解·简答·写作@f李丽颖主编@Fli li ying zhu bian@g李丽颖本册主编 |
| 210 | @a北京@c外语教学与研究出版社@d2001.10 | |
| 215 | @a174页@d26cm | |
| 330 | @a本书内容包括: 阅读理解, 简答, 写作。 | |
| 517 | 1 | @a功力卷 |
| 517 | 1 | @a阅读理解简答写作 |
| 517 | 1 | @a阅读理解 |
| 517 | 1 | @a简答 |
| 517 | 1 | @a写作 |
| 606 | 0 | @a英语@x高等学校@x水平考试@j自学参考资料 |
| 606 | 0 | @a英语 |
| 690 | @aH310.42@v4 | |
| 690 | @aH310.42@v3 | |
| 701 | 0 | @a康成翠@Akang cheng cui@4总主编 |
| 701 | 0 | @a王著定@Awang zhu ding@4总主编 |
| 701 | 0 | @a李丽颖@Ali li ying@4主编 |
| 702 | 0 | @a李丽颖@Ali li ying@4本册主编 |
| 801 | 0 | @aCN@bQSSKz@c20041203 |
| 905 | @dH310.42@eK230 | |
| 906 | @dCNY11.90@n3@r1 | |
| 大学英语六级考试与辅导.功力卷:阅读理解·简答·写作/李丽颖主编/李丽颖本册主编.-北京:外语教学与研究出版社,2001.10 |
| 174页;26cm |
| ISBN 7-5600-2326-6:CNY 11.90 |
| 本书内容包括: 阅读理解, 简答, 写作。 |
| ● |
| 相关链接 |
|
|
|
正题名:大学英语六级考试与辅导
索取号:H310.42/K230
 
预约/预借
| 序号 | 登录号 | 条形码 | 馆藏地/架位号 | 状态 | 备注 |
| 1 | 385101 | 203851019 | 语言库209/209语言库 96排3列6层/ [索取号:H310.42/K230] | 在馆 | |
| 2 | 385102 | 203851028 | 语言库209/209语言库 96排3列6层/ [索取号:H310.42/K230] | 在馆 | |
| 3 | 385103 | 203851037 | 语言库209/209语言库 96排3列6层/ [索取号:H310.42/K230] | 在馆 | |
| 4 | 429985 | 204299856 | 语言库209/209语言库 96排3列6层/ [索取号:H310.42/K230] | 在馆 | |
| 5 | 429986 | 204299865 | 语言库209/209语言库 96排3列6层/ [索取号:H310.42/K230] | 在馆 | |
| 6 | 429987 | 204299874 | 语言库209/209语言库 96排3列6层/ [索取号:H310.42/K230] | 在馆 | |
| 7 | 429988 | 204299883 | 语言库209/209语言库 96排3列6层/ [索取号:H310.42/K230] | 在馆 | |
| 8 | 429989 | 204299892 | 语言库209/209语言库 96排3列6层/ [索取号:H310.42/K230] | 在馆 |